| 000 | 00677cab a2200229 4500 | ||
|---|---|---|---|
| 001 | WB3116-53 | ||
| 008 | 090401t1995 xxu||||| |||| 00| 0 eng d | ||
| 035 | _a(Sirsi) u57590 | ||
| 041 | _aeng | ||
| 245 | _aFacts to back up agents blurb | ||
| 260 | _c1995 | ||
| 350 | _a0 | ||
| 490 |
_aFinancial Times _v23 April 1995, X(1) |
||
| 520 | _aDiscusses how an architectural historican can uncover details on a property that might add to its appeal and therefore its value. | ||
| 650 | _aARCHITECTURAL HISTORIANS | ||
| 650 | _aHISTORY | ||
| 650 | _aPROPERTY MISDESCRIPTIONS | ||
| 650 | _aPROPERTY PARTICULARS | ||
| 690 | _aHOUSING | ||
| 942 | _n0 | ||
| 948 | _c04/03/1997 | ||
| 999 |
_c35134 _d35134 |
||